000 00617nam a2200217Ia 4500
003 GCL
008 140319s9999 xx 000 0 aRus d
040 _aGCL /
_cGCL
082 0 4 _a463
_bP D
100 1 _aPANOS, ELENA ESTREMERS
245 1 0 _aDICCIONARIO MANUAL DE SINONIMOS Y ANTONIMOS /
_cPANOS, ELENA ESTREMERS
700 1 _aGUINOVART, JAVIER GOMEZ
700 1 _aGASANAS, JOAN TORRVELLA
260 _a[S.N] :
_bBIBLOGRAF S.A. ،
_c1995
300 _a647 P
650 0 4 _aSPANISH LANGUAGE - DICTIONARY
650 0 4 _aDICTIONARIES
650 0 4 _aLINGUISTICS
650 0 4 _aSPANISH LANGUAGE
942 _2ddc
_cBK
999 _c14178
_d14178